Statistics for Guess the type of clocks - picture quiz

Click here to take the quiz!

General Stats

  • This quiz has been taken 32 times
  • The average score is 8 of 16

Answer Stats

Answer% Correct
{Alarm} Clock
100%
{Grandfather} Clock
92%
{Wrist}watch
88%
{Cuckoo} Clock
88%
{Pocket}watch
88%
Sundial
83%
Hourglass
71%
{Stop}watch
71%
{Grandmother} Clock
54%
{Astronomical} Clock
33%
{Carriage} Clock
21%
{Floral} Clock
13%
{Tide} Clock
13%
{Bracket} Clock
0%
{Torsion Pendulum} Clock
0%
{Cartel} Clock
0%

Score Distribution

Percentile by Number Answered

Percent of People with Each Score

Your Score History

You have not taken this quiz